000 00489cam a2200205ua 4500
001 9856
008 160930n ii |||gr||||Z||||||eng
020 _a9788120802940
040 _cMAIN
041 _aeng
082 _a200
100 _aTiwari, Kedar Nath,
_eAuthor.
245 _aComparative religion
_cBy Kedar Nath Tiwari
250 _a2nd rev. ed.
260 _aDelhi:
_bMotilal Banarsidass,
_c2014.
300 _a331p.
653 _aReligion
653 _aSociology
942 _cBK
999 _c8866
_d8866